| 000 | 00624nam a2200217Ia 4500 | ||
|---|---|---|---|
| 005 | 20250508164006.0 | ||
| 008 | 008 250505s9999 xx 000 0 eng d | ||
| 020 | _a1-85346-698-0 | ||
| 037 | _aReference | ||
| 040 |
_aFEDL _beng _cFEDL |
||
| 041 |
_aeng _2eng |
||
| 084 |
_a371.9, MIT _qFEDL |
||
| 100 | _aMittler Peter | ||
| 245 | 0 | _aWorking towards inclusive education: Social contexts | |
| 260 |
_aLondon, UK _bDavid Fulton _c2001 |
||
| 300 | _axi,212p. | ||
| 365 |
_aGBP _b16 |
||
| 650 |
_aSpecial education; Inclusive education _9776616 |
||
| 942 |
_cREF _h371.9, MIT |
||
| 999 |
_c1386464 _d1386464 |
||